| 000 | 00906nam a22002177a 4500 | ||
|---|---|---|---|
| 999 |
_c5075 _d5075 |
||
| 003 | AR-CdUCM | ||
| 008 | 190311b ||||| |||| 00| 0 spa d | ||
| 040 |
_aMUNICIPALIDAD PROVINCIAL DEL CUSCO _cBIBLIOTECA MUNICIPAL DEL CUSCO |
||
| 082 |
_23 ed. _a373.82 / _bP89 |
||
| 100 |
_aPuccinelli, Jorge _915467 |
||
| 245 |
_aHistoria de la Literatura : _blas letras castellanas desde los orígenes hasta el siglo XVIII en los textos y en la crítica / |
||
| 260 |
_aLima : _bPaideida. |
||
| 300 |
_a218 páginas ; _c24 cm. |
||
| 500 | _aDonación de la familia Nieto. | ||
| 505 | _aContenido: Introducción al estudio de la literatura -- Esquema de la literatura Española -- Un geografía literaria de España -- Cantar de Mio Cid -- El teatro castellano ... | ||
| 650 |
_aLope de Vega _915468 |
||
| 650 |
_aPoesía épica _915469 |
||
| 650 |
_aNovela picaresca _9350 |
||
| 942 |
_2ddc _cLIBROS |
||
| 945 | _aafb | ||